000
00221nam a2200085 4500
245
_a
Actions and reactions
_c
by Rudyard Kipling
100
_a
Kipling, Rudyard
260
_a
London
_b
Macmillan
_c
303p.; 22cm.
082
_a
823.912
_b
KIP
999
_c
1074
_d
1074